| 000 -ლიდერი |
| ფიქსირებული სიგრძის საკონტროლო ველი |
01019nam a2200229Ia 4500 |
| 001 - საკონტროლო ნომერი |
| საკონტროლო ველი |
4457 |
| 003 - საკონტროლო ნომრის იდენტიფიკატორი |
| საკონტროლო ველი |
GE_BSU |
| 005 - ბოლო ოპერაციის თარიღი და დრო |
| საკონტროლო ველი |
20190527141414.0 |
| 008 - ფიქსირებული სიგრძის მონაცემთა ელემენტები - ზოგადი ინფორმაცია |
| ფიქსირებული სიგრძის საკონტროლო ველი |
181216s1957||||ge |||||||||||||| ||geo|| |
| 040 ## - კატალოგიზაციის წყარო |
| Transcribing agency |
GE_BSU |
| 041 ## - ენის კოდი |
| Language code of text/sound track or separate title |
geo |
| 080 ## - უნივერსალური ათობითი კლასიფიკაციის ინდექსი |
| Universal Decimal Classification number |
514.18 ნ–62 |
| 100 ## - მთავარი ჩანაწერი - პიროვნების სახელი |
| Personal name |
ნიკოლაძე, გიორგი |
| 9 (RLIN) |
1624 |
| 245 ## - ცნობა სათაურის შესახებ |
| Title |
მხაზველობითი გეომეტრიის კურსი / |
| Statement of responsibility, etc |
გიორგი ნიკოლაძე ; რედ : ა.კ.რუხაძე ; ნ.თ.ლომჯარია. |
| 264 ## - წარმოების, გამოცემის, დისტრიბუციის და სხვა ცნობები |
| გამოცემის, წარმოების, დისტრიბუციის... ადგილი |
თბილოისი : |
| გამოცემის, წარმოების, დისტრიბუციის... სახელწოდება |
ტექნიკა და შრომა, |
| გამოცემის, წარმოების, დისტრიბუციის... თარიღი |
1957. |
| 300 ## - ფიზიკური აღწერა |
| Extent |
430 გვ .: |
| Dimensions |
25 სმ. |
| 653 ## - INDEX TERM--UNCONTROLLED |
| Uncontrolled term |
მხაზველობითი გეომეტრიის კურსი |
| 653 ## - INDEX TERM--UNCONTROLLED |
| Uncontrolled term |
გეომეტრია |
| 700 ## - ADDED ENTRY--PERSONAL NAME |
| Personal name |
რუხაძე, ა.კ |
| Relator term |
რედაქტორი |
| 9 (RLIN) |
1625 |
| 700 ## - ADDED ENTRY--PERSONAL NAME |
| Personal name |
ლომჯარია, ნ.თ |
| Relator term |
რედაქტორი |
| 9 (RLIN) |
1626 |
| 942 ## - ADDED ENTRY ELEMENTS (KOHA) |
| Koha item type |
წიგნი |
| Source of classification or shelving scheme |
|